Classical and modern thought on international relations (Record no. 187844)
[ view plain ]
| 000 -LEADER | |
|---|---|
| fixed length control field | 01894nam a2200361Ia 4500 |
| 082 04 - DEWEY DECIMAL CLASSIFICATION NUMBER | |
| Classification number | 327.1/01 |
| 100 1# - MAIN ENTRY--AUTHOR NAME | |
| Personal name | Jackson, Robert H. |
| 245 10 - TITLE STATEMENT | |
| Title | Classical and modern thought on international relations |
| 260 ## - PUBLICATION, DISTRIBUTION, ETC. (IMPRINT) | |
| Place of publication | New York : |
| Name of publisher | Palgrave Macmillan, |
| Year of publication | 2005. |
| 300 ## - PHYSICAL DESCRIPTION | |
| Number of Pages | xii, 209 p. |
| 490 1# - SERIES STATEMENT | |
| Series statement | Palgrave Macmillan series on the history of international thought |
| 505 0# - FORMATTED CONTENTS NOTE | |
| Formatted contents note | Ch. 1. International thought -- Ch. 2. Conversing with Thrasymachus : voices of realism -- Ch. 3. Martin Wight, realism, and the good life -- Ch. 4. Martin Wight's theology of diplomacy -- Ch. 5. Changing faces of sovereignty -- Ch. 6. Knots and tangles of international obligation -- Ch. 7. Jurisprudence for a solidarist world : Richard Falk's Grotian moment -- Ch. 8. Dialogical justice in world affairs -- Ch. 9. Lifting the veil of ignorance : John Rawls's society of peoples. |
| 650 #0 - SUBJECT ADDED ENTRY--TOPICAL TERM | |
| Topical Term | International relations. |
| Topical Term | World politics. |
| 856 40 - ELECTRONIC LOCATION AND ACCESS | |
| Uniform Resource Identifier | http://site.ebrary.com/lib/rucke/Doc?id=10135457 |
No items available.
